Bases militaires françaises à l'étranger sur une carte - Statistiques

Statistiques générales
  • Ce quiz a été pris 103 fois
  • Le résultat moyen est 9 sur 13
Réponses sur la Carte
Les réponses sont colorées sur une échelle allant du rouge au vert en fonction du pourcentage des utilisateurs qui les ont devinées à leur premier essai. Vous pouvez retrouver ces pourcentages ci-dessous.
 
Statistiques - réponses
Nom de la base Réponse % Correct
Base aérienne 188 ? Djibouti
90%
Base navale Djibouti
90%
Forces françaises stationnées à ? Djibouti
90%
Base aérienne 168 Abidjan Côte d'Ivoire
76%
Camp de Port-Bouët Côte d'Ivoire
76%
Quartier Colonel Frédéric Geille Sénégal
69%
Quartier Contre-amiral Protet Sénégal
69%
Bataillon de commandement et de soutien de la brigade franco-? Allemagne
61%
5ème Régiment de Cuirassiers Émirats Arabes Unis
58%
Base aérienne 104 Al Dhafra Émirats Arabes Unis
58%
Base navale Émirats Arabes Unis
58%
Base aérienne 175 Libreville Gabon
54%
Camp De Gaulle Gabon
54%
Aucun quiz correspondant
Distribution des résultats
% des personnes avec chaque résultat
Percentile par nombre de réponses
Votre historique - résultats
Vous n’avez pas pris ce quiz